000 00584nam a2200157 i 4500
001 31041
003 ES-MaACL
005 20230906154310.0
007 t|
008 030128s1942 sp ||||1| spa d
100 1 _aBellón Gómez, Ildefonso.
_927267
245 1 0 _aArrendamientos rústicos, su actual regulación, comentarios y jurisprudencia
_b: leyes de 15 de marzo de 1935, 28 de junio de 1940 y 23 de julio de 1942... /
_cIldefonso Bellón Gómez.
260 _a[Madrid] :
_bEditora Nacional,
_c1942 (
_fSèz)
300 _a405 p. ;
_c22 cm.
852 _aES-MaACL
_jB-10767
_bR.22479
999 _c31041
_d31041